000 00787nam a2200313Ia 4500
008 160716s9999||||xx |||||||||||||| ||und||
040 _cmarathi
082 _aix/vaidya
082 _bBORI-76385
100 _ashreepad mahadev vaidya
245 _asadhusantancha devyanapanth
245 _bsakchatkaryog
250 _b3
260 _abombay
260 _bshivram narayan kastur
260 _c1961
300 _a15+118+6
300 _ca
300 _ehardbound
530 _u00073844.pdf
563 _astudy
600 _ashreepad mahadev vaidya
630 _asadhusantancha devyanapanth
650 _a"nyaya, yoga, tantra, vedanta"
650 _adarshanas
700 _ashreepad mahadev vaidya
730 _asadhusantancha devyanapanth
942 _cBOOK
999 _c1398361
_d1398358